| 000 | 00508nam a2200181Ia 4500 | ||
|---|---|---|---|
| 001 | 20956 | ||
| 005 | 20260306172844.0 | ||
| 008 | 260306t2010||||xx |||||||||||||| ||spa|| | ||
| 041 | _aESP | ||
| 082 |
_a343.81 _bB47 |
||
| 100 |
_aBetancor, Andrés _eAUT |
||
| 245 | 0 |
_aRegulación: _bmito y derecho: desmontando el mito para controlar la intervención de los reguladores económicos |
|
| 260 | _c2010 | ||
| 300 |
_a700 páginas : _c24 cm. |
||
| 650 | _aGEN | ||
| 654 | _aCCO | ||
| 942 |
_cLIB _dJUS _fJUS _2ddc _n |
||
| 999 |
_c20956 _d20956 |
||